As Aventuras de Pinóquio (Registo nº 4713)

Detalhes MARC
000 -Etiqueta do registo
Cabeçalho 01149nam 22002533 4500
010 ## - Número internacional normalizado dos livros (ISBN)
Número (ISBN) 9789720726926
100 ## - Dados gerais de processamento
Dados gerais de processamento 20260213d2014 u||y0pory50 ba
101 ## - Língua de publicação
Língua do texto, banda sonora, etc. Português
Língua do documento no original Italiano
102 ## - Pais de publicação ou produção
País de publicação Portugal
200 1# - Titulo e menção de responsabilidade
Título próprio As Aventuras de Pinóquio
Primeira menção de responsabilidade Carlo Collodi
Outras menções de responsabilidade il. Carlos J. Campos
-- trad. José Colaço Barreiros
205 ## - Menção da edição
Menção da edição
210 ## - Publicação, Distribuição, etc. 
Lugar da edição, distribuição, etc. Porto
Nome do editor, distribuidor, etc. Porto Editora
Data da publicação, distribuição, etc. 2014
215 ## - Descrição física 
Indicação específica da natureza do documento e extensão da espécie 223 p.
Outras indicações físicas il.
225 1# - Colecção 
Título próprio da colecção Educação Literária
330 ## - Sumário ou Resumo
Texto da nota Plano Nacional de Leitura<br/>Leitura recomendada no 3.º ano de escolaridade.<br/>Esta é a história de um menino de madeira, sempre metido em confusões, peripécias e mentiras. Pinóquio gosta pouco da escola, prefere brincar e divertir-se. Facilmente se deixa enganar por outras pessoas, arranjando problemas. Depois, como não quer desiludir o pai, mente e o seu nariz cresce muito… O que acontecerá a este menino especial e ao seu nariz?<br/>O livro contém um Guião de Exploração e Fichas de Leitura.<br/>
510 1# - Título paralelo
Título paralelo Le Avventure di Pinocchi
675 ## - Classificação Decimal Universal (CDU)
Notação 821.131.1
Edição 3ª ed.
Língua da edição por
700 #1 - Nome de autor-pessoa física (responsabilidade principal)
Palavra de ordem Collodi
Outra parte do nome não tomada para palavra de ordem Carlo
942 ## - Elementos de entrada adicionados (Koha)
Tipo de item no Koha Livro
990 ## - Elementos KOHA
Koha item type Livro
Suppress in OPAC Escondido
994 ## - Estado da catalogação
Situação PARA CORRIGIR
Exemplares
Situação do levantamento Nº de registo manual Origin of item (home branch) (coded) Biblioteca de empréstimo Lending or holding organisation (holding branch) code Código de barras Cota Circulation type (not for loan) Tipo de documento Damaged status
  20222 Biblioteca Escolar da Coca Maravilhas Biblioteca Escolar da Coca Maravilhas Biblioteca Escolar da Coca Maravilhas BECM20222 8C COL   Livro  
  20223 Biblioteca Escolar da Coca Maravilhas Biblioteca Escolar da Coca Maravilhas Biblioteca Escolar da Coca Maravilhas BECM20223 8C COL   Livro  
  20224 Biblioteca Escolar da Coca Maravilhas Biblioteca Escolar da Coca Maravilhas Biblioteca Escolar da Coca Maravilhas BECM20224 8C COL   Livro